La discographie de Woodkid - Statistiques

Statistiques générales
  • Ce quiz a été pris 19 fois
  • Le résultat moyen est 11 sur 39
Statistiques - réponses
Réponse % Correct
Run Boy Run
94%
Iron
88%
I Love You
75%
The Golden Age
69%
Goliath
63%
Boat Song
44%
In Your Likeness
44%
Pale Yellow
44%
The Great Escape
44%
The Shore
44%
Conquest Of Spaces
38%
Enemy
38%
Ghost Lights
38%
Reactor
38%
Brooklyn
31%
Minus Sixty One
31%
Shadows
31%
The Other Side
31%
Land of All
25%
Shift
25%
So Handsome Hello
25%
Stabat Mater
25%
Volcano
25%
Highway 27
19%
Horizons Into Battlegrounds
19%
Drawn To You
13%
Falling Where I Live
13%
Never Let You Down (avec Lykke Li)
13%
Prologue (pour les Jeux Olympiques de Paris 2024)
13%
L'Aérogramme de Los Angeles (avec Louis Garrel)
6%
Wasteland
6%
Baltimore's Fireflies
0%
Do You Love Me After All
0%
Euclidean Pulses 1
0%
I Will Fall For You (avec Sidi Larbi Cherkaoui)
0%
The Deer
0%
Towers
0%
Winter Morning I
0%
Winter Morning II
0%
Aucun quiz correspondant
Distribution des résultats
% des personnes avec chaque résultat
Percentile par nombre de réponses
Votre historique - résultats
Vous n’avez pas pris ce quiz